Destabilizing search technology

Moderné technológie hľadania zamestnania umožňujú uchádzačom o zamestnanie sledovať príchod novo zverejnených voľných pracovných miest. Tento dokument konceptualizuje vyhľadávanie ako rozhodnutie o monitorovaní a ukazuje, že monitorovacie technológie vytvárajú nový zdroj strategickej komplementarity...

Descrizione completa

Salvato in:
Dettagli Bibliografici
Autore principale: Potter, Tristan
Natura: Capitolo di libro
Lingua:inglese
Soggetti:
Tags: Aggiungi Tag
Nessun Tag, puoi essere il primo ad aggiungerne!!

MARC

LEADER 00000naa a2200000 4500
001 0303483
005 20240809092910.0
041 0 |a eng 
044 |a NL 
245 1 0 |a Destabilizing search technology  |c Tristan Potter 
520 |a Moderné technológie hľadania zamestnania umožňujú uchádzačom o zamestnanie sledovať príchod novo zverejnených voľných pracovných miest. Tento dokument konceptualizuje vyhľadávanie ako rozhodnutie o monitorovaní a ukazuje, že monitorovacie technológie vytvárajú nový zdroj strategickej komplementarity vo vyhľadávaní a môžu tak viesť k potenciálne destabilizujúcej mnohonásobnosti rovnováh. 
610 2 0 |a trh práce 
610 2 0 |a miesta pracovné 
610 2 0 |a technológie informačné 
610 2 0 |a technológie komunikačné 
610 2 0 |a stratégia informačná 
610 2 0 |a rovnováha 
100 1 |a Potter, Tristan